=LDR 00000nam 2200000 4500 =001 $a INLIS000000000000346 =005 $a 20260505103700 =008 $a 260505###########################0###### =020 ##$$a 0 566 077 736 =035 ##$$a 0010-0718000346 =082 ##$$a 352.390 941 =084 ##$$a 352.390 941 LEA =100 #$$a Cook, Janice A. =245 ##$$a The Learning Organization in the Public Services $b $c Janice A. Cook =260 ##$$a England : $b Gower Pulishing Limited, $c 1997 =300 ##$$a 233 halaman : $b ilus ; $c 25 cm $e =520 #$$a =650 #$$a Administrasi negara - Pelayanan =700 #$$a =856 ##$$a =csr $a 65bd6e7aa9010ceda9af3f9bc44bec30